Quizzes
Events
Quiz Creation
Community
Videos
Private Events
Remove Ads
Sign In
Join for FREE
Feedback
Dark Mode
Quiz Categories
Sports
Geography
Music
Movies
Television
Just For Fun
Miscellaneous
History
Literature
Language
Science
Gaming
Entertainment
Religion
Holiday
For Kids
Quiz Lab
Recent
Popular Today
Quiz Kudos Today
Editor Picks
Curator Picks
Quizzes by...
Day
Popularity
Type
Ratings
Length
Year
Community
Subscriptions
Recent Discussions
Orange Saloon
Badges
Playlists
Quests
Create
Leaderboards
Showdown
Live 5
Trivia Bingo
Activity
Puzzle Library
Sporcle Events
Private Events
Virtual Trivia
Globe League
Become a Host
Pub Owners
SporcleCon
Opinionation
Our Games
Videos
Blog
Mobile Apps
Partnerships
Remove Ads and Go Orange
Feedback
Movies
Disney
Marvel Cinematic Universe
Movie Resume
Movie Titles
Oscar
Actor
Actress
Director
Pixar
Role
Movie Quotes
Movie Characters
Box Office
Nominee
Best Picture
Star Wars
James Bond
Horror Movies
Movies
Disney
Marvel Cinematic Universe
Movie Resume
Movie Titles
Oscar
Actor
Actress
Director
Pixar
Role
Movie Quotes
Movie Characters
Box Office
Nominee
Best Picture
Star Wars
James Bond
Horror Movies
Random Quiz
Search Sporcle
×
Quiz Lab
Quiz Lab
Movies
Actor
Type in answers that appear in a list
Type in answers that appear in a list
Classic
Best Score? Go Orange.
Actors in Mel Brooks' Movies Stats
Can you name the actors from Mel Brooks' films?
By
filmtattoo
10m
66 Questions
491 Plays
491 Plays
491 Plays
Comments
Comments
Give Quiz Kudos
Give Quiz Kudos
-
- Ratings
hide this ad
Replay
Link that replays current quiz
Next Quiz
Link to next quiz in quiz playlist
You Got
0%
They Got
Avg Score
53%
Avg Friend Score
Upgrade to see
Score Distribution
Jump to the score distribution portion of the page
Score
0/66
Timer
10:00
0
Plays Today
Film
Actor
% Correct
The Producers (1968)
Gene Wilder
96.9%
Blazing Saddles
Gene Wilder
96.9%
Young Frankenstein
Gene Wilder
96.9%
The Producers (1968)
Mel Brooks
96.7%
Twelve Chairs
Mel Brooks
96.7%
Blazing Saddles
Mel Brooks
96.7%
Young Frankenstein
Mel Brooks
96.7%
Silent Movie
Mel Brooks
96.7%
High Anxiety
Mel Brooks
96.7%
History of the World: Part I
Mel Brooks
96.7%
Spaceballs
Mel Brooks
96.7%
Life Stinks
Mel Brooks
96.7%
Robin Hood: Men in Tights
Mel Brooks
96.7%
Dracula: Dead and Loving It
Mel Brooks
96.7%
Spaceballs
John Candy
82.4%
Spaceballs
Rick Moranis
80.4%
Blazing Saddles
Madeline Kahn
76.5%
Young Frankenstein
Madeline Kahn
76.5%
High Anxiety
Madeline Kahn
76.5%
History of the World: Part I
Madeline Kahn
76.5%
Young Frankenstein
Marty Feldman
71.2%
Silent Movie
Marty Feldman
71.2%
Robin Hood: Men in Tights
Cary Elwes
70.6%
Twelve Chairs
Dom DeLuise
67.6%
Silent Movie
Dom DeLuise
67.6%
History of the World: Part I
Dom DeLuise
67.6%
Young Frankenstein
Peter Boyle
66.5%
Blazing Saddles
Harvey Korman
66.1%
High Anxiety
Harvey Korman
66.1%
History of the World: Part I
Harvey Korman
66.1%
Dracula: Dead and Loving It
Harvey Korman
66.1%
Young Frankenstein
Cloris Leachman
64.5%
High Anxiety
Cloris Leachman
64.5%
Film
Actor
% Correct
The Producers (1968)
Zero Mostel
63.1%
Spaceballs
Bill Pullman
61.4%
Blazing Saddles
Cleavon Little
61%
Dracula: Dead and Loving It
Leslie Nielsen
60.8%
Spaceballs
Joan Rivers
60.6%
Spaceballs
Daphne Zuniga
42.9%
Silent Movie
Marcel Marceau
40.2%
History of the World: Part I
Gregory Hines
40%
Robin Hood: Men in Tights
Dave Chappelle
40%
Blazing Saddles
Slim Pickens
38.6%
Robin Hood: Men in Tights
Richard Lewis
34.9%
History of the World: Part I
Orson Welles
28.8%
The Producers (1968)
Kenneth Mars
26.7%
Robin Hood: Men in Tights
Amy Yasbeck
26.7%
Dracula: Dead and Loving It
Amy Yasbeck
26.7%
Robin Hood: Men in Tights
Roger Rees
22.9%
Silent Movie
Sid Caesar
19%
Dracula: Dead and Loving It
Steven Weber
18.6%
High Anxiety
Ron Carey
16.7%
Dracula: Dead and Loving It
Peter MacNicol
16.1%
Twelve Chairs
Frank Langella
13.9%
Life Stinks
Lesley Ann Warren
13.5%
Silent Movie
Burnadette Peters
12.9%
High Anxiety
Dick Van Patten
10.8%
Life Stinks
Jeffrey Tambor
10%
Twelve Chairs
Ron Moody
8.6%
Life Stinks
Howard Morris
8%
The Producers (1968)
Christopher Hewett
7.8%
The Producers (1968)
Lee Meredith
6.9%
Life Stinks
Stuart Pankin
4.3%
Life Stinks
Rudy De Luca
3.7%
Twelve Chairs
Andréas Voutsinas
3.1%
Twelve Chairs
Diana Coupland
2%
Quiz Playlist
Details
Report
Send in Message
Add To Playlist
Classic:
Type in answers that appear in a list
Last Updated: Apr 19, 2017
Quiz Scoreboard
CHALLENGE
Sign Up to Join the Scoreboard
Show All
Scores
Hide
Comments
May contain spoilers
Recently Published
Presidents Visiting Landmarks
by Hejman
History
7m
An Introduction to Baseball
by treessimontrees
Sports
5m
Movies - When Are They Set?
by FPL_Elf
Movies
5m
More to Explore
Quiz From the Vault
Featured Blog Post
Where Did the Easter Bunny Come From?
hide this ad
You Might Also Like...
Tags
Actor Quiz
Role Quiz
brook
mel
Mel Brooks
Today's Top Quizzes in Movies
Browse Movies
hide this ad
Today's Top Quizzes in Actor
Browse Actor
Top Contributed Quizzes in Movies
1
Pick 5 Posters: Directed by Spielberg
2
7-to-1: Pixar Characters
3
Pick 5 Posters: Lowest-Rated Spielberg
4
Pick 5 Posters: Directed by Scorsese
5
Pick 5 Posters: Star & Director
6
Sorting Actors
7
Sorting Actresses
8
12 Movies about Fictional 1960s Events
9
Multi-Oscar Nominations, One Movie, One Winner
10
Pick 5 Posters: Women Directed 2020s
Explore More
Trending Topics
Kpop
Harry Potter
Disney
Marvel
Crossword
Anime
NBA
Song
Country
The Office
WWE
Soccer
Pokémon
Puzzle
NFL
hide this ad
More By:
filmtattoo
Quiz
Plays
Rating
Category
Featured
Created
Same Character Different Actor
168,945
4.41
Entertainment
Sep 24, 2009
Dakota Fanning Movies
28,153
3.73
Movies
Sep 29, 2009
Movie Logos
2,435
3.73
Movies
Apr 7, 2010
Gerard Butler Movies
1,428
3.33
Movies
Oct 15, 2009
Top 10 Fictional Home Runs - ESPN
1,309
2.67
Sports
Aug 20, 2010
Go to Creator's Profile
Score Distribution
Quiz Creator Spotlight
filmtattoo
Follow
Send a Message
Quizzes Created
-
Created Quiz Play Count
-
More By This Creator
Popular Quizzes Today
1
Find the US States - No Outlines Minefield
2
Find the Countries of Europe - No Outlines Minefield
3
The Countries of the World
4
Find the US States
5
Popular People in 1961
6
US States
7
Risky Map Clicking: Biggest States A-Z
8
Movies - When Are They Set?
More Movies Quizzes
Quick Pick: 'Long' Movies
Quiz Lab
Trending Quizzes
Risky Map Clicking: Least Populous States A-Z
1-10 Letter G Words
1-10 Letter F Words
Risky Map Clicking: Next State Alphabetically
Risky Map Clicking: Biggest States A-Z
Recently Updated
Leaping Animals
pecheneg
Reality TV Shows (A-Z)
bhenderson79
Rickey Henderson's Hall of Fame Teammates
pecheneg
Champions League XIs: Arsenal
pecheneg
Quick Pick: Celebrities in WWE's Hall of Fame
aduchscher
A-Z Keypad Blitz II
pecheneg
Multiple Oscar Actors
pecheneg
Mystery Phrase Blitz: Oscar 'Best Actors'
pecheneg
F. Scott Fitzgerald Novels
LTH
Pick 3 Villains
ddd62291
Trending Topics
Anime
NBA
Kpop
Disney
Crossword
Marvel
Harry Potter
NFL
Pokémon
WWE
Country
The Office
Soccer
Puzzle
Song
Your Account Isn't Verified!
In order to create a playlist on Sporcle, you need to verify the email address you used during registration. Go to your
Sporcle Settings
to finish the process.
Report this User
Report this user for behavior that violates our
Community Guidelines
.
Details:
Send Report
Go to the Sporcle.com Mobile Site →
Comments